000 00322nam a22001457a 4500
008 221101b ||||| |||| 00| 0 eng d
020 _a9780198239529
041 _aeng
080 _a53
082 _a53
100 _a20.1
101 _aFIZIK
245 _aTHE CONTINUOUS AND THE DISCRETE
_cWHITE J M
942 _2udc
_cBK
999 _c58712
_d58712